000 00542nam a22002057a 4500
003 OSt
005 20140310182752.0
008 130202t xxu||||| |||| 00| 0 eng d
020 _a812420259
050 _aZ 1006
_b.K22 2002
082 _aM 020.3
_bK22 2002
245 _aDictionary of library science
_cKawatra, P. S.
260 _aNew Delhi :
_bCrest Publishing House,
_cc2002.
300 _a267 p. ;
_c 21 cm.
521 _acollege students
526 _c1210L-1700L
541 _j1
562 _e1
942 _2lcc
_cBK
_kM
999 _c15772
_d15772